| 000 | 00670 a2200193 4500 | ||
|---|---|---|---|
| 020 | _a052133327X | ||
| 020 | _a9780521333276 | ||
| 082 | 0 | 4 | _a511 |
| 090 |
_c367 _d367 |
||
| 100 | 1 | _aNaber, Gregory L. | |
| 245 | 1 | 0 |
_aSpacetime and singularities : _ban introduction / _cGregory L. Naber. |
| 250 | _a1st ed. | ||
| 260 |
_a[S.l.] : _bCambridge University Press, _c1989. |
||
| 300 | _a192 p. | ||
| 490 | 1 | _aLondon mathematical society student texts. | |
| 830 | 0 | _aLondon mathematical society student texts. | |
| 942 |
_aSNS _cBK _k530.11 NAB |
||
| 999 |
_c29000 _d29000 |
||